02228cam a22004334i 4500003000900000005001700009008004100026020001500067035002700082040003300109049000900142082001800151245007200169264007300241300003900314336002100353337002500374338002300399504004000422505081300462526001001275526001001285526001001295526001001305526000801315526000801323526000801331526000801339526000801347526000801355526000801363650002401371700003801395942001501433949012101448980005501569999001701624952015301641PE-LiUPU20250731173001.0150623s r 000 0 d a0802845363 a(Sirsi) i9780802845368 aPE-LiUPUbspacPE-LiUPUerda aPRUA04a239bH67322300aHistory and the Christian historian /ceditado por Ronald A. Wells. 1aGrand Rapids, Michigan :bWilliam B. Eerdmans Publishing Co.,c1998. a248 páginas ;c23 centímetros. atext2rdacontent aunmediated2rdamedia avolume2rdacarrier aBibliografía al pie de páginas.0 aWhat difference might christian perspectives make? -- Betwen "Romancew" and "True history": historical judgment and biblical faith -- History in search of eaning: the conference on faith and history -- Men, women, and God: some historiographical issues -- The potential of missiology for the crises of history -- Whose story, which story? Memory and identidity among baptists in the south -- Selves and others in early New England: Refashioning American Puritan sutdies -- The little white church: historiographical revisions about religion in rural America -- Decoding conflicted history: religion and the historiography on Northern Ireland -- Teaching history, the gospel, and the posmodern self -- Doing justice in History:using narrative frames responsibly -- Chrsitianity, history, and multiculturalism. aSEG42 aSEG41 aSEG40 aSEG39 aP94 aP87 aP86 aP85 aP77 aP76 aP35 0aApologética923211 aWells, Ronald A.,d1941-,eeditor 2ddccBKn0 a808.0669 H673wDEWEYc1i45543lCCODEBUL1mBULr0sYtBOOKu2015-6-24xTEOLOGIA0COMPRAo.STAFF. Colección General 81gALBERTO SANCHEZ Responsable de Automatización c22406d22406 r2025-12-03 00:00:00i6l0o239 H673p45543te1w2015-06-24xFTyBKzinventario-2023-12-13102ddc50708GENfP35aBULbBULcGENd2015-06-24eCOMPRA